000 00428nam a2200181Ia 4500
001 3665
005 20260306145700.0
008 260306t1964||||xx |||||||||||||| ||spa||
041 _aESP
082 _a301.018
_bG43
100 _aGibson, Quentin
_eAUT
245 0 _aLa lógica de la investigac ión social
260 _c1964
300 _a299 páginas :
_ccm.
650 _aGEN
654 _aCHU
942 _cLIB
_dJUS
_fJUS
_2ddc
_n
999 _c3665
_d3665